| 000 | 00641cam a2200181 4500 | ||
|---|---|---|---|
| 001 | 6104 | ||
| 005 | 20181127180909.0 | ||
| 010 | _a 92017205 | ||
| 020 | _a1557861471 | ||
| 100 | 1 |
_aHampsher-Monk, Iain, _d1946- |
|
| 245 | 1 | 2 |
_aA history of modern political thought : _bmajor political thinkers from Hobbes to Marx / _cIain Hampsher-Monk. |
| 260 |
_aOxford, UK ; _bCambridge [Mass.] : _bBlackwell, _c1992 |
||
| 300 |
_axiii, 609 p. ; _c25 cm. |
||
| 504 | _aIncludes bibliographical references (p. [563]-592) and index. | ||
| 650 | 0 |
_aPolitical science _xHistory. |
|
| 650 | 7 |
_aPhilosophie politique. _2 |
|
| 650 | 7 |
_aScience politique _xHistoire. _2 |
|
| 999 |
_c5152 _d5152 |
||